000 00683cam a22002297a 4500
001 000589
003 armpunfd
005 20140612090614.0
008 011120e1996####xx#a##########000#0#und#d
040 _aarmpunfd
_carmpunfd
080 _a347(821.2) C 498
100 1 0 _a Lex
245 1 0 _aCodigo procesal civil y comercial de la provicia de buenos aires y legislacion complementaria
260 _a La Plata
_b Lex
_c1996
300 _a653 p. pxviii
650 7 _a Legislacion
_2LEMB
650 7 _a Procedimiento Civil
_x Buenos Aires, Provincia
_2LEMB
942 _cLB
_2cdu
945 _aCatalis
_d2010-08-19
945 _aCatalis
_d2010-08-19
945 _aCatalis
_d2010-08-19
999 _c583
_d231087